| 000 | 00440pab a2200157 454500 | ||
|---|---|---|---|
| 008 | 180718b2009 xxu||||| |||| 00| 0 eng d | ||
| 100 | _aCecchetti, Stephen G. | ||
| 245 | _aCrisis and responses: the federal reserve in the early stages of the financial crisis | ||
| 260 | _c2009 | ||
| 300 | _ap.51-75. | ||
| 362 | _aWinter | ||
| 650 | _aEconomic recession | ||
| 773 | _aJournal of Economic Perspectives | ||
| 908 | _aN | ||
| 909 | _a81766 | ||
| 999 |
_c81766 _d81766 |
||